[Event "Amigos do Macuei"]
[Site "http://www.queenalice.com/game.php?id=303434"]
[Date "2007.11.13"]
[Round "1"]
[White "BigAlex"]
[Black "Nelson"]
[Result "0-1"]
[WhiteElo "2079"]
[BlackElo "2278"]

1. e4 e5 2. Nf3 Nc6 3. Bb5 a6 4. Ba4 Nf6 5. O-O Be7 6. Re1 b5 7. Bb3 d6 8. c3
O-O 9. h3 h6 10. d4 Re8 11. Nbd2 Bf8 12. Nf1 Bd7 13. Ng3 Na5 14. Bc2 Nc4 15. b3
Nb6 16. a4 bxa4 17. bxa4 c5 18. dxe5 dxe5 19. Qe2 Qc7 20. a5 Nc8 21. Be3 Nd6 22.
c4 g6 23. Red1 Rab8 24. Bd2 Bg7 25. Bc3 Nh7 26. Qd3 Re6 27. Bxe5 Rxe5 28. Qxd6
Qxd6 29. Rxd6 Re6 30. Rad1 Rxd6 31. Rxd6 Bc8 32. Rd8+ Nf8 33. e5 f5 34. e6 Bf6
0-1

[Event "xeque-mate 2"]
[Site "http://www.queenalice.com/game.php?id=311803"]
[Date "2007.11.28"]
[Round "4"]
[White "Blackangel"]
[Black "BigAlex"]
[Result "0-1"]
[WhiteElo "1996"]
[BlackElo "2177"]

1. e4 e5 2. f4 exf4 3. Nf3 d5 4. exd5 Nf6 5. c4 c6 6. dxc6 Nxc6 7. h3 Bc5 8. Nc3
O-O 9. Ne2 Ne4 10. a3 Bf2# 0-1

[Event "Challenge"]
[Site "http://www.queenalice.com/game.php?id=312112"]
[Date "2007.11.29"]
[Round "-"]
[White "gipmachado"]
[Black "BigAlex"]
[Result "1-0"]
[WhiteElo "2311"]
[BlackElo "2184"]

1. e4 e5 2. Nf3 Nf6 3. Nxe5 d6 4. Nf3 Nxe4 5. d4 d5 6. Bd3 Be7 7. O-O O-O 8. Re1
f5 9. c4 Be6 10. cxd5 Bxd5 11. Nc3 Nxc3 12. bxc3 Nc6 13. Rb1 b6 14. Qe2 Kh8 15.
a3 Qd6 16. Ne5 Rae8 17. Bf4 Nxe5 18. Qxe5 Qxe5 19. Rxe5 Bb7 20. Rbe1 Be4 21.
Bxe4 fxe4 22. R1xe4 Kg8 23. Bg5 Bxg5 24. Rxe8 1-0

[Event "AUTO-OPEN-456"]
[Site "http://www.queenalice.com/game.php?id=316637"]
[Date "2007.12.7"]
[Round "3"]
[White "BigAlex"]
[Black "salso"]
[Result "0-1"]
[WhiteElo "2115"]
[BlackElo "2099"]

1. d4 d5 2. c4 e6 3. Nc3 Nf6 4. Bg5 c6 5. e3 Nbd7 6. Nf3 Be7 7. Bd3 O-O 8. O-O
dxc4 9. Bxc4 Nd5 10. Bxe7 Qxe7 0-1

[Event "AUTO-OPEN-456"]
[Site "http://www.queenalice.com/game.php?id=316638"]
[Date "2007.12.7"]
[Round "3"]
[White "salso"]
[Black "BigAlex"]
[Result "1-0"]
[WhiteElo "2112"]
[BlackElo "2103"]

1. d4 Nf6 2. Nd2 g6 3. e4 Bg7 4. g4 d5 5. g5 Nxe4 6. Nxe4 dxe4 7. c3 e5 8. dxe5
Qxd1+ 9. Kxd1 Nc6 10. Bb5 Bg4+ 11. Kc2 1-0

[Event "Challenge"]
[Site "http://www.queenalice.com/game.php?id=1325964"]
[Date "2014.12.3"]
[Round "-"]
[White "BigAlex"]
[Black "severinovic"]
[Result "0-1"]
[WhiteElo "2042"]
[BlackElo "1781"]

1. e4 d6 2. d4 Nf6 3. Bd3 b6 4. f3 Bb7 5. c4 c5 6. Ne2 cxd4 7. Nxd4 Nc6 8. Be3
Nxd4 9. Bxd4 e5 10. Be3 Be7 11. O-O O-O 12. Nc3 Rc8 13. Rc1 Re8 14. Be2 d5 15.
cxd5 Kh8 16. Qb3 Bc5 17. Bxc5 Rxc5 18. Na4 Rxc1 19. Rxc1 Nh5 20. g3 Qg5 21. Kf2
Qxc1 22. d6 Qd2 23. Qxf7 Rg8 24. Qxb7 Qxd6 25. Nc3 a5 26. Nd5 Nf6 27. Nxb6 Rb8
28. Qf7 Qxb6+ 29. Kf1 Qxb2 30. g4 Qb7 31. Qe6 Re8 32. Qc4 Rc8 33. Qe6 Re8 34.
Qc4 h6 35. Qa4 Qc7 36. h4 g5 37. hxg5 hxg5 38. Kg2 Kg7 39. Kg3 Qc1 40. Qxa5 Qf4+
41. Kg2 Rh8 42. Qa7+ Kg6 43. Qg1 Qd2 44. Qf2 Qf4 45. Qg1 Ra8 46. Qa1 Rh8 47. Qg1
Ra8 48. Qa1 Rc8 49. Qb2 Rh8 50. a4 Qh2+ 51. Kf1 Qg3 0-1

[Event "szybkielanie"]
[Site "http://www.queenalice.com/game.php?id=1326458"]
[Date "2014.12.6"]
[Round "1"]
[White "silverado"]
[Black "BigAlex"]
[Result "1-0"]
[WhiteElo "1860"]
[BlackElo "2066"]

1. e4 e5 2. Nf3 Nf6 3. Nc3 Nc6 4. Bc4 Bb4 5. d3 h6 6. O-O O-O 7. Nh4 Bxc3 8.
bxc3 d5 9. exd5 Nxd5 10. Bxd5 Qxd5 11. c4 Qd4 12. Nf5 Qxa1 13. Nxg7 Kxg7 14.
Bxh6+ 1-0

[Event "Challenge"]
[Site "http://www.queenalice.com/game.php?id=1338887"]
[Date "2015.2.2"]
[Round "-"]
[White "BigAlex"]
[Black "armbar"]
[Result "1-0"]
[WhiteElo "2048"]
[BlackElo "1954"]

1. e4 d6 2. d4 Nf6 3. Nc3 Nbd7 4. Nf3 e5 5. dxe5 dxe5 6. Bc4 Bc5 7. O-O O-O 8.
Bg5 c6 9. Qe2 h6 10. Be3 Kh8 11. Bxc5 Nxc5 12. Nxe5 Qe7 13. f4 b5 14. Bxf7 Qc7
15. Ng6+ Kh7 16. Nxf8+ Kh8 17. Ng6+ Kh7 18. Ne5 1-0

[Event "Challenge"]
[Site "http://www.queenalice.com/game.php?id=1338888"]
[Date "2015.2.2"]
[Round "-"]
[White "armbar"]
[Black "BigAlex"]
[Result "0-1"]
[WhiteElo "1944"]
[BlackElo "2060"]

1. e4 e5 2. f4 d5 3. exd5 e4 4. d3 Nf6 5. dxe4 Nxe4 6. Nf3 Bc5 7. Qe2 Bf5 8. Nc3
Qe7 9. Be3 Nxc3 10. Bxc5 Nxe2 11. Bxe7 Nxf4 12. d6 Nc6 13. Bb5 Nxg2+ 14. Kd2
cxd6 15. Nd4 Bd7 16. Nxc6 bxc6 17. Bf1 Kxe7 18. Bxg2 Rab8 19. Rhe1+ Be6 20. Bxc6
Rxb2 21. Re3 Rc8 22. Ba4 Rb4 23. Bb3 Rd4+ 24. Ke2 Rh4 0-1

[Event "szybkielanie"]
[Site "http://www.queenalice.com/game.php?id=1340146"]
[Date "2015.2.8"]
[Round "2"]
[White "BigAlex"]
[Black "Yran"]
[Result "1-0"]
[WhiteElo "2075"]
[BlackElo "2200"]

1. e4 c5 2. Nc3 Nc6 3. f4 g6 4. Nf3 Bg7 5. Bb5 Nd4 6. O-O Nxb5 7. Nxb5 a6 8. Nc3
d6 9. d3 b5 10. Qe1 Bb7 11. f5 Qd7 12. fxg6 hxg6 13. Be3 b4 14. Nd1 Nh6 15. h3
O-O-O 16. c3 a5 17. cxb4 axb4 18. d4 Qb5 19. dxc5 dxc5 20. a4 Qa5 21. Rc1 Kb8
22. Rxc5 Qxa4 23. Bf4+ Rd6 24. Bxd6+ exd6 25. Rc4 Qa7+ 26. Nf2 f5 27. Qxb4 Rd8
28. Nd4 Bxd4 29. Rxd4 Nf7 30. Rc1 f4 31. e5 Nxe5 32. Rxd6 Rh8 33. Rd5 f3 34.
Qd6+ Ka8 35. Qxe5 Rf8 36. Ra5 1-0

[Event "szybkielanie"]
[Site "http://www.queenalice.com/game.php?id=1352191"]
[Date "2015.4.7"]
[Round "3"]
[White "szybkielanie"]
[Black "BigAlex"]
[Result "1-0"]
[WhiteElo "2267"]
[BlackElo "2096"]

1. e4 e5 2. Nf3 Nf6 3. Nxe5 d6 4. Nf3 Nxe4 5. Qe2 Qe7 6. Nc3 Nxc3 7. dxc3 Qxe2+
8. Bxe2 Be7 9. Be3 O-O 10. O-O-O Re8 11. Bc4 Bg4 12. Be2 Nc6 13. h3 Bh5 14. g4
Bg6 15. Nd4 Ne5 16. f4 Be4 17. fxe5 Bxh1 18. Rxh1 Bh4 19. Nf3 Bd8 20. Bf4 f6 21.
Bc4+ 1-0

[Event "szybkielanie"]
[Site "http://www.queenalice.com/game.php?id=1366472"]
[Date "2015.6.19"]
[Round "4"]
[White "BigAlex"]
[Black "roli68"]
[Result "0-1"]
[WhiteElo "2027"]
[BlackElo "1610"]

1. e4 e5 2. Nf3 Nf6 3. Nxe5 Nxe4 4. Qe2 d5 5. d3 Nf6 6. Nc6+ Kd7 7. Nxd8 Kxd8 8.
Bg5 h6 9. Bxf6+ gxf6 10. Nd2 Bb4 11. Qf3 Re8+ 12. Be2 Re6 13. c3 Bd6 14. Qxd5 c6
15. Qh5 Re7 16. Qxh6 Re6 17. d4 f5 18. Qg5+ Be7 0-1

[Event "Challenge"]
[Site "http://www.queenalice.com/game.php?id=1370490"]
[Date "2015.7.8"]
[Round "-"]
[White "ORNELAS"]
[Black "BigAlex"]
[Result "1-0"]
[WhiteElo "1682"]
[BlackElo "2087"]

1. Nf3 d5 2. c3 Nf6 3. d4 e6 4. Bg5 Be7 5. Ne5 O-O 6. Qd2 Ne4 7. Bxe7 Qxe7 8.
Qe3 c5 9. Nd2 Nxd2 10. Qxd2 Nd7 11. e3 1-0